000 00353nam a2200133Ia 4500
008 240624s9999 xx 000 0 und d
041 _aeng
082 _a657 BHA
100 _aBHATTACHARYYA ASISH K
245 _aFINANCIAL ACCOUNTING FOR BUSINESS MANAGE
260 _c2003
_aNew Delhi
_bPrentice-Hall
300 _aviii, : 487 : p. : cm. ; 26
365 _cRS
999 _c131
_d131